MARC

LEADER 00000nas a2200000 a 4500
001 ssj0014597
003 WaSeSS
005 20200512172242.0
006 m d
007 cr n
008 020531c19649999enkqr pss 0 0eng c
010 |a  2005237213 
015 |a GBB780088  |2 bnb 
016 7 |a 1474599-9  |2 DE-600 
016 7 |a 012088126  |2 Uk 
022 |a 1475-6072  |l 0021-9002  |y 0021-9002 
035 |a (WaSeSS)ssj0014597 
040 |a TXH  |b eng  |c TXH  |d OCLCQ  |d EYM  |d HUL  |d MUQ  |d OCLCQ  |d OCLCO  |d OCLCQ  |d OCLCF  |d OCLCO  |d OCLCQ  |d DEBBG  |d OCLCE  |d UAB  |d NLE  |d GILDS  |d OCLCO  |d AU@  |d UKMGB  |d VT2  |d WaSeSS 
042 |a pcc 
050 1 4 |a QA276 
130 0 |a Journal of applied probability (Online) 
245 1 0 |a Journal of applied probability  |h [electronic resource]. 
260 |a Sheffield, England :  |b Applied Probability Trust,  |c 1964- 
310 |a Quarterly,  |b 1971- 
321 |a Two no. a year,  |b 1964-1966 
321 |a 3 no. a year,  |b 1967-1970 
362 0 |a Vol. 1, no. 1 (June 1964)- 
500 |a Title from title screen (JSTOR, viewed Aug. 10, 2005). 
506 |a License restrictions may limit access. 
538 |a Mode of access: World Wide Web. 
550 |a Published in association with the London Mathematical Society. 
588 |a Latest issue consulted: Vol. 38, no. 4 (Dec. 2001) (JSTOR, viewed Aug. 10, 2005). 
650 0 |a Mathematical statistics  |v Periodicals. 
650 0 |a Mathematical models  |v Periodicals. 
650 0 |a Probabilities  |v Periodicals. 
650 6 |a Statistique mathématique  |v Périodiques. 
650 6 |a Statistique  |v Périodiques. 
650 6 |a Modèles mathématiques  |v Périodiques. 
650 6 |a Probabilités  |v Périodiques. 
650 7 |a Mathematical models.  |2 fast  |0 (OCoLC)fst01012085 
650 7 |a Mathematical statistics.  |2 fast  |0 (OCoLC)fst01012127 
650 7 |a Probabilities.  |2 fast  |0 (OCoLC)fst01077737 
650 7 |a Wahrscheinlichkeitsrechnung  |2 gnd 
650 7 |a Zeitschrift  |2 gnd 
650 7 |a Wahrscheinlichkeitsrechnung.  |2 stw 
650 7 |a Statistische Methodenlehre.  |2 stw 
655 0 |a Electronic journals. 
710 2 |a Applied Probability Trust. 
710 2 |a London Mathematical Society. 
776 1 |a Journal of applied probability  |x 0021-9002  |w (DLC)he 65000225  |w (OCoLC)1800304 
856 4 0 |z Full text available from Research Library: 03/01/2017 to 1 year ago  |u https://search.proquest.com/publication/30074